Statystyki dla Miasta w Polsce zakończone na -icz na mapie

Kliknij tutaj aby rozwiązać quiz!

Ogólne statystyki

  • Ten quiz został rozwiązany 102 razy
    (93 od ostatniego zresetowania)
  • Średni wynik to 3 z 6

Odpowiedzi na mapie

Odpowiedzi skodowane kolorowo w zielono-czerwonej skali na mapie do tego quizu, zgodnie z poniższymi procentami.
 

Statystyki odpowiedzi

WojewództwoMiasto% Poprawnych
ŁódzkieŁowicz
86%
WielkopolskieRawicz
73%
DolnośląskieMilicz
66%
MałopolskieWojnicz
43%
MałopolskieNowy Wiśnicz
38%
MazowieckieLatowicz
30%

Rozkład punktacji

Percentyl według liczby udzielonych odpowiedzi

Procent ludzi z każdym wynikiem

Twoja historia wyników

Nie rozwiązałeś tego quizu od ostatniego zresetowania